000 00531nam a2200181Ia 4500
005 20250326123736.0
008 250326s9999 xx 000 0 und d
037 _aTextbook
040 _aFMSL
_beng
_cFMSL
041 _aeng
_2eng
084 _aL:394.44 L3
_qFMSL
100 _aJagannadham V
245 0 _aFamily planning in India: policy and administration
_cJagannadham V
260 _aNew Delhi
_bNew Delhi, Indian Institute
_c1973
300 _a276p
942 _cTB
_hL:394.44 L3
999 _c1270759
_d1270759